Statistics for NBA 2010s Leaders Per Team

Click here to take the quiz!

General Stats

  • This quiz has been taken 1,292 times
  • The average score is 55 of 76

Answer Stats

TeamPlayer% Correct
CavaliersLeBron James
98%
BucksGiannis Antetokounmpo
95%
RocketsJames Harden
95%
76ersJoel Embiid
95%
WarriorsStephen Curry
95%
HeatDwyane Wade
94%
ThunderRussell Westbrook
94%
ClippersChris Paul
93%
Trail BlazersDamian Lillard
93%
MavericksDirk Nowitzki
93%
LakersKobe Bryant
93%
GrizzliesMarc Gasol
93%
LakersPau Gasol
93%
ClippersBlake Griffin
92%
KnicksCarmelo Anthony
92%
SpursTim Duncan
92%
PelicansAnthony Davis
91%
SpursTony Parker
91%
RaptorsDeMar DeRozan
90%
BullsDerrick Rose
90%
WarriorsDraymond Green
90%
WizardsJohn Wall
89%
SpursKawhi Leonard
89%
HornetsKemba Walker
89%
PacersPaul George
89%
TimberwolvesKarl-Anthony Towns
88%
SunsDevin Booker
87%
RaptorsKyle Lowry
87%
CelticsPaul Pierce
87%
ClippersDeAndre Jordan
85%
MagicDwight Howard
85%
CelticsKevin Garnett
85%
JazzRudy Gobert
85%
CavaliersTristan Thompson
82%
BullsJimmy Butler
81%
BullsJoakim Noah
81%
GrizzliesMike Conley
81%
CelticsRajon Rondo
80%
KingsDeMarcus Cousins
79%
CelticsAl Horford
78%
HawksAl Horford
78%
PelicansJrue Holiday
77%
76ersJrue Holiday
77%
PistonsAndre Drummond
76%
NetsBrook Lopez
75%
SunsSteve Nash
74%
ThunderSerge Ibaka
72%
GrizzliesZach Randolph
70%
RocketsClint Capela
69%
NetsDeron Williams
69%
Trail BlazersLaMarcus Aldridge
69%
TimberwolvesAndrew Wiggins
67%
BucksKhris Middleton
67%
MagicNikola Vučević
65%
HawksJeff Teague
64%
JazzGordon Hayward
62%
RaptorsJonas Valanciunas
60%
HeatHassan Whiteside
59%
PacersRoy Hibbert
57%
WizardsMarcin Gortat
56%
PistonsReggie Jackson
56%
HawksJosh Smith
52%
76ersThaddeus Young
52%
TimberwolvesRicky Rubio
51%
RaptorsAmir Johnson
48%
KnicksKristaps Porzingis
47%
MagicJameer Nelson
41%
NuggetsTy Lawson
38%
MavericksJ.J. Barea
37%
NuggetsKenneth Faried
36%
BullsTaj Gibson
32%
HornetsBismack Biyombo
24%
PacersDarren Collison
24%
SunsAlex Len
18%
SunsP.J. Tucker
18%
HornetsMichael Kidd-Gilchrist
17%

Score Distribution

Percentile by Number Answered

Percent of People with Each Score

Your Score History

You have not taken this quiz